Szczegóły MARC21

Słownik nazwisk współcześnie w Polsce używanych. T. 1- /

003 -Nazwa inst., której nr kontr. jest w polu 001 [,]
    • @
    • Nazwa instytucji, której n kontrolny jest w polu 001
    • NUKAT
005 -DATA I CZAS OSTATNIEJ MODYFIKACJI [,]
    • @
    • pole kontrolne
    • 20241231114519.0
020 -Międzynarod. znormalizowany nr książki - ISBN [ , ]
    • a
    • Numer ISBN
    • 8385579257 Find
    • q
    • Dopowiedzenie
    • całość
040 -Instytucja sporządzająca opis [ , ]
    • a
    • Instytucja, która sporządziła opis (NP)
    • LUBL M/JD
    • c
    • Instytucja, która sporządziła rekord (NP)
    • LUBL M/JD
    • d
    • Instytucja, która zmodyfikowała rekord (P)
    • LUBL M/IK
    • d
    • Instytucja, która zmodyfikowała rekord (P)
    • KR U/22mal
    • d
    • Instytucja, która zmodyfikowała rekord (P)
    • KR U/39KPs
942 -Rodzaj dokumentu [ , ]
    • c
    • Rodzaj dokumentu
    • Książka
245 -Strefa tytułu i oznaczenia odpowiedzialności [0,0]
    • a
    • Tytuł
    • Słownik nazwisk współcześnie w Polsce używanych. Find
    • n
    • Oznaczenie części (P)
    • T. 1- /
    • c
    • Pozostałe elementy strefy tytułu i oznaczenia odpowiedzialności (NP)
    • wyd. Kazimierz Rymut ; Polska Akademia Nauk. Instytut Języka Polskiego.
260 -Strefa adresu wydawniczego [ , ]
    • a
    • Miejsce wydania (P)
    • Kraków :
    • b
    • Nazwa wydawcy (P)
    • PAN. IJP,
    • c
    • Data wydania (P)
    • 1992-.
300 -Strefa opisu fizycznego [ , ]
    • a
    • Określenie formy książki i/lub objętość (NP)
    • Wol. ;
    • c
    • Format (NP)
    • 24 cm.
336 -Typ zawartości [ , ]
    • a
    • Termin opisujący typ zawartości
    • Tekst
    • b
    • Kod określający zawartość
    • txt
    • 2
    • Źródło (terminu i kodu)
    • rdacontent
337 -Typ mediów [ , ]
    • a
    • Tryb odtwarzania
    • Bez urządzenia pośredniczącego
    • b
    • Kod typu mediów
    • n
    • 2
    • Źródło (terminu i kodu)
    • rdamedia
338 -Typ/rodzaj nośnika [ , ]
    • a
    • Hasło opisujące typ nośnika
    • Wolumin
    • b
    • Kod typu nośnika
    • nc
    • 2
    • Źródło (terminu i kodu)
    • rdacarrier
500 -Uwaga ogólna [ , ]
    • a
    • Uwaga ogólna (NP)
    • Oprac. na podst. materiałów Rządowego Centrum Informacyjnego PESEL.
080 -Uniwersalna Klasyfikacja Dziesiętna [ , ]
    • a
    • Symbol klasyfikacji
    • 801.313"19"(438)(03)
650 -Hasło przedmiotowe [ ,7]
    • a
    • Hasło przedmiotowe
    • Nazwy osobowe
    • z
    • Określnik geograficzny
    • Polska
    • v
    • Określnik formalny
    • słowniki.
    • 2
    • Źródło terminu
    • kaba
    • 9
    • KHW
    • 422325
980 -Symbol UKD [ , ]
    • a
    • UKD
    • 801.313"19"(438)(03)
700 -Hasło dodatkowe - nazwa osobowa [1, ]
    • a
    • Nazwa osobowa (NP)
    • Rymut, Kazimierz Find
    • d
    • Daty biograficzne (NP)
    • (1935-2006).
    • e
    • Określenie rodzaju współpracy
    • Wyd.
    • 9
    • KHW
    • 1664
920 -ISBN [ , ]
    • a
    • ISBN
    • 83-85579-25-7 Find
    • q
    • Dopowiedzenie
    • całość
Data inwentaryzacji Lokalizacja Numer inwentarzowy Sygnatura Status udost. Numer tomu
1994-10-14BMP.11528POL. Słowniki onomastyczne 141T.1 A-B
1994-10-14BMP.11529POL. Słowniki onomastyczne 151T.2 C-D
1994-10-14BMP.11530POL. Słowniki onomastyczne 161T.3 E-G
1994-10-14BMP.11531POL. Słowniki onomastyczne 171T.4 H-Kl
1994-10-14BMP.11532POL. Słowniki onomastyczne 181T.5 Kł-L
1994-10-14BMP.11878POL. Słowniki onomastyczne 191T.6 Ł-N
1994-10-14BMP.11879POL. Słowniki onomastyczne 201T.7 O-Q
1994-10-14BMP.12013POL. Słowniki onomastyczne 221T.9 St-T
1994-10-14BMP.11880POL. Słowniki onomastyczne 211T.8 R-Sr
1994-10-14BMP.12159POL. Słowniki onomastyczne 231T.10 U-Ż